000
00286nam a2200109Ia 4500
008
190216s9999||||xx |||||||||||||| ||und||
100
_a
George C Philippatos
245
0
_a
Financial Management Theory&Techniques
260
_b
University Grand Commission
650
_a
Commerce
942
_c
BK
999
_c
4552
_d
4552